000 00281nam a22001337a 4500
020 _a978-9380358154
041 _aENG
100 _aRangwala
245 _aBuliding Construction
260 _aAnand
_bR.P. Patel Rupalee PUB
_c2000
300 _a831
650 _aFS
856 _uFS
999 _c593
_d593